000 00582nam a2200205Ia 4500
001 20387
003 IVS
005 20250626030906.0
008 211022s9999 xx 000 0 und d
040 _cIVS
082 _a746 RIM
100 _aRimsha Shakir
245 0 _aHas technology changed the design sensibilities of a textile designer?
260 _aKarachi
260 _bIndus Valley School of Art & Architecture
260 _c2015
300 _a76
856 _uhttps://drive.google.com/file/d/1QRlGY1qFTxEanZen1ldli-FNBoygb1_f/view?usp=sharing
942 _cDISS
_n0
_2ddc
999 _c13969
_d13969